[Event "59th World Juniors 2022"]
[Site "Cala Gonone ITA"]
[Date "2022.10.16"]
[Round "6.8"]
[White "Bournel, Antoine"]
[Black "Nesterov, Arseniy"]
[Result "1/2-1/2"]
[WhiteTitle "FM"]
[BlackTitle "GM"]
[WhiteElo "2402"]
[BlackElo "2567"]
[WhiteFideId "26093553"]
[BlackFideId "24198455"]
[EventDate "2022.10.12"]

1. d4 Nf6 2. c4 e6 3. Nf3 d5 4. Nc3 c6 5. Bg5 h6 6. Bxf6 Qxf6 7. g3 Nd7 8. Bg2
Qd8 9. O-O Be7 10. Qd3 O-O 11. e4 dxc4 12. Qxc4 Rb8 13. b4 b6 14. Rfd1 Bb7 15.
Rac1 Rc8 16. h4 Nf6 17. Qb3 Re8 18. Ne5 Bf8 19. Nc4 Ba6 20. Ne3 Bb7 21. a3 Qe7
22. e5 Nd5 23. Ne4 Nxe3 24. Qxe3 Qd8 25. Qf4 Ba8 26. g4 Qxh4 27. Rc3 c5 28. Rh3
Qd8 29. g5 Bxe4 30. Bxe4 Qxg5+ 31. Qxg5 hxg5 32. Bh7+ Kh8 33. Bb1+ Kg8 34. Bh7+
Kh8 35. Bb1+ Kg8 36. Bh7+ Kh8 37. Bb1+ Kg8 38. Bh7+ 1/2-1/2

[Event "59th World Juniors 2022"]
[Site "Cala Gonone ITA"]
[Date "2022.10.16"]
[Round "6.9"]
[White "Prraneeth, Vuppala"]
[Black "Mendonca, Leon Luke"]
[Result "1/2-1/2"]
[WhiteTitle "IM"]
[BlackTitle "GM"]
[WhiteElo "2451"]
[BlackElo "2558"]
[WhiteFideId "46622373"]
[BlackFideId "35028561"]
[EventDate "2022.10.12"]

1. e4 c6 2. Nf3 d5 3. Nc3 dxe4 4. Nxe4 Nf6 5. Qe2 Nxe4 6. Qxe4 Qa5 7. b4 Qd5 8.
Qe3 Bf5 9. c4 Qe4 10. Be2 e6 11. Qc3 Qc2 12. Bb2 Qxc3 13. Bxc3 Be7 14. h3 O-O
15. g4 Bc2 16. Rc1 Ba4 17. d4 Nd7 18. O-O Rfc8 19. Ne1 a5 20. bxa5 c5 21. d5
exd5 22. cxd5 Bf6 23. Nd3 Bxc3 24. Rxc3 Rxa5 25. Nb2 Nb6 26. Ra3 Rca8 27. Rb1
Be8 28. Rxa5 Rxa5 29. Nd3 Nxd5 30. Rxb7 c4 31. Nb4 Nxb4 32. Rxb4 c3 33. Rc4 Rxa2
34. Bd3 Kf8 35. Rxc3 1/2-1/2

[Event "59th World Juniors 2022"]
[Site "Cala Gonone ITA"]
[Date "2022.10.16"]
[Round "6.10"]
[White "Ansat, Aldiyar"]
[Black "Ivic, Velimir"]
[Result "0-1"]
[WhiteTitle "IM"]
[BlackTitle "GM"]
[WhiteElo "2262"]
[BlackElo "2553"]
[WhiteFideId "13715658"]
[BlackFideId "950122"]
[EventDate "2022.10.12"]

1. e4 e5 2. Nf3 Nc6 3. Bb5 a6 4. Ba4 Nf6 5. O-O Be7 6. Re1 b5 7. Bb3 O-O 8. a4
Bb7 9. d3 d6 10. Nbd2 Nd7 11. axb5 axb5 12. Rxa8 Qxa8 13. c3 Nc5 14. Bc2 b4 15.
d4 bxc3 16. bxc3 Nd7 17. Nc4 Qa1 18. Bb2 Qxd1 19. Rxd1 Bf6 20. Ne3 Ra8 21. Nd5
Bd8 22. Rb1 Na5 23. dxe5 dxe5 24. Ba3 Bxd5 25. exd5 Nc4 26. Bb4 g6 27. Bb3 Nd6
28. Nd2 Be7 29. g3 Kf8 30. Nc4 Nxc4 31. Bxc4 Bd6 32. Bb5 Nc5 33. Re1 f6 34. Kg2
Kf7 35. Re2 Ra1 36. h3 Nb7 37. Rb2 f5 38. Bc6 Nc5 39. Bxc5 Bxc5 40. Rb5 Bd6 41.
Rb8 Ra2 42. Rc8 e4 43. Kf1 Rc2 44. Bb5 Rxc3 45. Be2 Rc1+ 46. Kg2 Rc2 47. Kf1 g5
48. Rh8 f4 49. gxf4 gxf4 50. Bh5+ Kf6 51. Re8 Be7 52. Bd1 Rd2 53. Ke1 Rb2 54. f3
Bb4+ 55. Kf1 Rb1 0-1

[Event "59th World Juniors 2022"]
[Site "Cala Gonone ITA"]
[Date "2022.10.16"]
[Round "6.11"]
[White "Blohberger, Felix"]
[Black "Stoyanov, Tsvetan"]
[Result "1/2-1/2"]
[WhiteTitle "GM"]
[BlackTitle "IM"]
[WhiteElo "2493"]
[BlackElo "2449"]
[WhiteFideId "1632051"]
[BlackFideId "2917173"]
[EventDate "2022.10.12"]

1. d4 d5 2. c4 e6 3. Nc3 Nf6 4. cxd5 exd5 5. Bg5 c6 6. e3 h6 7. Bh4 Be7 8. Bd3
O-O 9. Nge2 a5 10. O-O Re8 11. Rc1 Nbd7 12. f3 Nf8 13. a4 Qb6 14. Qc2 Ne6 15.
Bf2 c5 16. Bb5 Rd8 17. Kh1 cxd4 18. exd4 Bd7 19. Bxd7 Rxd7 20. Nb5 Ne8 21. Bg3
Nd6 22. Bxd6 Bxd6 23. Qf5 Rad8 24. Rc2 Nc7 25. Nec3 Bb4 26. Qd3 Bxc3 27. bxc3
Re7 28. Rb2 Rde8 29. Rbb1 Qc6 30. Nxc7 Qxc7 31. Qb5 Qxc3 1/2-1/2

[Event "59th World Juniors 2022"]
[Site "Cala Gonone ITA"]
[Date "2022.10.16"]
[Round "6.12"]
[White "Nogerbek, Kazybek"]
[Black "Ghimpu, Samuel-Timotei"]
[Result "1/2-1/2"]
[WhiteTitle "IM"]
[BlackTitle "FM"]
[WhiteElo "2467"]
[BlackElo "2434"]
[WhiteFideId "13710427"]
[BlackFideId "1238175"]
[EventDate "2022.10.12"]

1. Nf3 d5 2. e3 Nf6 3. c4 e6 4. Nc3 Bd6 5. b3 O-O 6. Bb2 c6 7. d4 Nbd7 8. Be2 b6
9. O-O Bb7 10. Qc2 Qe7 11. e4 dxe4 12. Nxe4 Nxe4 13. Qxe4 f5 14. Qh4 Qxh4 15.
Nxh4 c5 16. Bf3 Bxf3 17. Nxf3 Rad8 18. Rad1 h6 19. Rfe1 Rfe8 20. d5 e5 21. Nh4
Rf8 22. Ng6 Rfe8 23. Nh4 Rf8 24. Ng6 Rfe8 25. Nh4 1/2-1/2

[Event "59th World Juniors 2022"]
[Site "Cala Gonone ITA"]
[Date "2022.10.16"]
[Round "6.13"]
[White "Kosakowski, Jakub"]
[Black "Sokolovsky, Yahli"]
[Result "1/2-1/2"]
[WhiteTitle "IM"]
[BlackTitle "FM"]
[WhiteElo "2465"]
[BlackElo "2416"]
[WhiteFideId "1185080"]
[BlackFideId "2820242"]
[EventDate "2022.10.12"]

1. e4 e5 2. Nf3 Nc6 3. d4 exd4 4. Nxd4 Bc5 5. Nb3 Bb6 6. Nc3 Qf6 7. Qe2 Nge7 8.
Be3 O-O 9. O-O-O d6 10. h3 Be6 11. f4 Qh6 12. Bd2 Qh4 13. g4 Qf2 14. Qxf2 Bxf2
15. Bg2 Nd4 16. Rhf1 Nxb3+ 17. axb3 Bd4 18. e5 dxe5 19. f5 Bd7 20. f6 gxf6 21.
Ne4 Bb5 22. Nxf6+ Kh8 23. c4 Bc6 24. Bxc6 bxc6 25. Bh6 Rfd8 26. Nh5 Kg8 27. Bg5
Kf8 28. Nf6 Kg7 29. Kc2 Rd6 30. Ne4 Re6 31. Bf6+ Kg6 32. h4 h6 33. Bxe7 Rxe7 34.
Rf6+ Kg7 35. Rxc6 Rc8 36. Ng3 Re6 37. Nf5+ Kf8 38. Rxe6 fxe6 39. Nxd4 exd4 40.
Rxd4 Ke7 41. Re4 Rf8 42. c5 Rf3 43. Ra4 Kd7 44. Rxa7 Rg3 45. Ra4 Kc6 46. Rf4
Kxc5 47. Rf6 Rg2+ 48. Kc3 Rxg4 49. Rxh6 Rg3+ 50. Kc2 Rh3 51. Rh7 c6 52. h5 Rh2+
53. Kc3 Rh3+ 54. Kc2 Rh2+ 55. Kb1 e5 56. h6 e4 57. Rh8 e3 58. h7 e2 59. Re8 Rxh7
60. Rxe2 Kb4 1/2-1/2

[Event "59th World Juniors 2022"]
[Site "Cala Gonone ITA"]
[Date "2022.10.16"]
[Round "6.14"]
[White "Seo, Jung Min"]
[Black "Abdurakhmonov, Mukhammadali"]
[Result "1-0"]
[WhiteTitle "IM"]
[BlackTitle "FM"]
[WhiteElo "2520"]
[BlackElo "2345"]
[WhiteFideId "1734687"]
[BlackFideId "14207346"]
[EventDate "2022.10.12"]

1. e4 c5 2. Nf3 e6 3. d4 cxd4 4. Nxd4 a6 5. Bd3 Nf6 6. O-O d6 7. c4 g6 8. Nc3
Bg7 9. Qe2 O-O 10. Nf3 Nc6 11. Rd1 Qc7 12. Bf4 e5 13. Be3 Bg4 14. h3 Nd4 15.
Bxd4 exd4 16. Nd5 Bxf3 17. Qxf3 Nxd5 18. exd5 Rfe8 19. h4 Re5 20. g3 Qa5 21. a3
Qa4 22. Kg2 Rae8 23. b4 b6 24. Rh1 h5 25. Qd1 Qxd1 26. Rhxd1 Rb8 27. a4 Ree8 28.
Rdb1 Bh6 29. Rb2 Re7 30. a5 Reb7 31. axb6 Rxb6 32. b5 axb5 33. cxb5 R8b7 34.
Ra8+ Kg7 35. Rb4 Rb8 36. Ra2 Kf6 37. Rxd4 Ke7 38. Rc4 Kd7 39. Rc6 Bg7 40. Ra4
R8b7 41. f3 Bf6 42. Kh3 Ke7 43. Kg2 Kd7 44. Kf2 Ke7 45. Ke3 Kd7 46. Ra6 Rxa6 47.
bxa6 Rb4 48. Bc4 Ra4 49. Bb5 Bd4+ 50. Kd3 Rb4 51. Rc5+ Kd8 52. a7 Bxc5 53. a8=Q+
Ke7 54. Qe8+ Kf6 55. Kc3 Kg7 56. Bd7 Rb1 57. Qe7 Rb7 58. g4 hxg4 59. fxg4 Ra7
60. h5 Ra3+ 61. Kd2 Ra2+ 62. Kd1 Rf2 63. hxg6 Kxg6 64. Bf5+ Kg7 65. Qg5+ Kf8 66.
Qf6 Ke8 67. Ke1 Rg2 68. g5 Rg1+ 69. Ke2 Rg2+ 70. Kd3 Rg1 71. g6 fxg6 72. Bxg6+
Kd7 73. Qf7+ Kc8 74. Qe8+ Kb7 75. Qb5+ Ka7 76. Be8 Rd1+ 77. Kc2 Rd4 78. Qa5+ Kb8
79. Bc6 Rb4 80. Qd8+ Ka7 81. Qa8+ Kb6 82. Qd8+ Ka7 83. Kc3 Ka6 84. Bd7 Kb7 85.
Qc8+ Kb6 86. Qa8 Kc7 87. Qa5+ Kxd7 88. Qxb4 Bxb4+ 89. Kxb4 Kc8 90. Ka5 Kc7 91.
Ka6 1-0

[Event "59th World Juniors 2022"]
[Site "Cala Gonone ITA"]
[Date "2022.10.16"]
[Round "6.15"]
[White "Davtyan, Artur"]
[Black "Mladek, Richard"]
[Result "1/2-1/2"]
[WhiteTitle "IM"]
[BlackTitle "FM"]
[WhiteElo "2517"]
[BlackElo "2371"]
[WhiteFideId "13308327"]
[BlackFideId "386588"]
[EventDate "2022.10.12"]

1. d4 d5 2. c4 e6 3. Nc3 Nf6 4. Nf3 a6 5. cxd5 exd5 6. Bg5 Be6 7. e3 Nbd7 8. Bd3
c6 9. O-O Bd6 10. h3 O-O 11. Nd2 Nb6 12. f4 Be7 13. Rc1 Nc8 14. f5 Bd7 15. Nf3
Ne4 16. Bxe7 Nxc3 17. bxc3 Qxe7 18. Ne5 f6 19. Nxd7 Qxd7 20. e4 Ne7 21. Qf3 dxe4
22. Bxe4 Rae8 23. Rce1 Rf7 24. Bc2 Nd5 25. Rxe8+ Qxe8 26. Bb3 Rd7 27. Rf2 Kf8
28. Re2 Re7 29. Rxe7 Qxe7 30. Bxd5 cxd5 31. Qxd5 Qe3+ 32. Kh2 Qf4+ 33. Kg1 Qe3+
34. Kf1 Qxc3 35. Qd6+ Kf7 36. Qd7+ Kf8 37. Qd6+ Kf7 38. Qd5+ Kf8 39. Qc5+ Qxc5
40. dxc5 h5 41. Kf2 Ke7 42. Kg3 Kf7 43. a3 a5 44. a4 Ke7 45. Kh4 Kd7 46. Kxh5
Kc6 47. Kg6 Kxc5 48. Kxg7 b5 49. Kxf6 bxa4 50. Ke6 a3 51. f6 a2 52. f7 a1=Q 53.
f8=Q+ Kc4 54. Qf4+ Kb5 55. Qf5+ Kc4 56. Qe4+ Kc5 57. Qc2+ Kb4 58. Qd2+ Kc5 59.
g4 a4 60. g5 a3 61. g6 a2 62. Qa5+ Kc6 63. Qa6+ Kc5 64. Qa5+ Kc6 65. Qa6+ Kc5
66. Qa7+ Kc6 67. g7 Qe1+ 68. Kf7 a1=Q 69. Qxa1 Qxa1 70. g8=Q Qf1+ 71. Ke7 Qxh3
72. Qe6+ Qxe6+ 73. Kxe6 1/2-1/2

[Event "59th World Juniors 2022"]
[Site "Cala Gonone ITA"]
[Date "2022.10.16"]
[Round "6.16"]
[White "Zhu, Jiner"]
[Black "Rohith, Krishna S"]
[Result "1/2-1/2"]
[WhiteTitle "WGM"]
[BlackTitle "FM"]
[WhiteElo "2484"]
[BlackElo "2370"]
[WhiteFideId "8608059"]
[BlackFideId "46617051"]
[EventDate "2022.10.12"]

1. e4 c5 2. Nf3 d6 3. d4 cxd4 4. Nxd4 Nf6 5. Nc3 Nc6 6. f3 e5 7. Nb3 h6 8. Be3
Be7 9. Qd2 Be6 10. Nd5 Bxd5 11. exd5 Nb8 12. g3 Nbd7 13. Na5 Qc8 14. Be2 O-O 15.
O-O Bd8 16. Nc4 Nb6 17. Nxd6 Qd7 18. Ne4 Nbxd5 19. Nxf6+ Nxf6 20. Qxd7 Nxd7 21.
Rfd1 Bb6 22. Rxd7 Bxe3+ 23. Kf1 Rab8 24. Bc4 b5 25. Bb3 b4 26. Rad1 Bd4 27. f4
Bxb2 28. Rxa7 exf4 29. gxf4 Rb6 30. Rxf7 Rxf7 31. Rd8+ 1/2-1/2

[Event "59th World Juniors 2022"]
[Site "Cala Gonone ITA"]
[Date "2022.10.16"]
[Round "6.17"]
[White "Vestby-Ellingsen, Mads"]
[Black "Stefansson, Vignir Vatnar"]
[Result "1/2-1/2"]
[WhiteTitle "IM"]
[BlackTitle "IM"]
[WhiteElo "2365"]
[BlackElo "2471"]
[WhiteFideId "1520857"]
[BlackFideId "2308649"]
[EventDate "2022.10.12"]

1. d4 d5 2. c4 e6 3. Nc3 c6 4. e3 f5 5. Nf3 Bd6 6. Bd3 Nh6 7. O-O Nd7 8. Rb1 Qe7
9. Bd2 O-O 10. b4 a6 11. b5 axb5 12. cxb5 c5 13. b6 c4 14. Be2 Ra6 15. Nb5 Rxb6
16. a4 Re8 17. Bc3 Nf7 18. Nd2 Bb8 19. f4 Nd8 20. Kh1 Nf6 21. h3 Bd7 22. Ba5 Ra6
23. Bb4 Qf7 24. Nc3 Ne4 25. Ndxe4 fxe4 26. Bh5 g6 27. Bg4 Nc6 28. Ba3 Na5 29.
Be2 Bd6 30. Bxd6 Rxd6 31. Qe1 Ra8 32. g4 Nb3 33. Rb2 Bxa4 34. Qg3 Rda6 35. f5
exf5 36. gxf5 Rf6 37. fxg6 Rxf1+ 38. Bxf1 Qf3+ 39. Qxf3 exf3 40. Ra2 b5 41. Nxb5
Nd2 42. Kg1 Ne4 43. Nc7 Ra5 44. Nxd5 Rxd5 45. Rxa4 Rg5+ 46. Kh2 Nd2 47. Bxc4+
Kg7 48. h4 Rg2+ 49. Kh3 Ne4 50. Ra7+ Kh6 51. Rxh7+ Kxg6 52. Bd3 Rg3+ 53. Kh2
Rg2+ 54. Kh3 1/2-1/2

[Event "59th World Juniors 2022"]
[Site "Cala Gonone ITA"]
[Date "2022.10.16"]
[Round "6.18"]
[White "Stremavicius, Pijus"]
[Black "Gurel, Ediz"]
[Result "1/2-1/2"]
[WhiteTitle "FM"]
[BlackTitle "IM"]
[WhiteElo "2363"]
[BlackElo "2445"]
[WhiteFideId "12812730"]
[BlackFideId "44507356"]
[EventDate "2022.10.12"]

1. e4 c5 2. Nf3 e6 3. g3 Nc6 4. Bg2 Nf6 5. Nc3 Be7 6. O-O d6 7. d3 O-O 8. Ng5 h6
9. Nh3 Rb8 10. f4 b5 11. Nf2 b4 12. Ne2 Ba6 13. g4 Nh7 14. a3 b3 15. c3 e5 16.
f5 Bg5 17. c4 Nd4 18. Nxd4 cxd4 19. Nh3 Bxc1 20. Rxc1 Qh4 21. Qf3 Nf6 22. Nf2
Qg5 23. Qg3 Qd2 24. Rb1 Qe3 25. Bf3 Nd7 26. h4 g5 27. hxg5 hxg5 28. Rfe1 Qf4 29.
Qg2 Qd2 30. Re2 Qa5 31. Qh3 Kg7 32. Qf1 Rh8 33. Qe1 Qxe1+ 34. Rexe1 Rh4 35. Kg2
Rbh8 36. Rh1 Nc5 37. Rxh4 Rxh4 38. Rh1 Rxh1 39. Kxh1 Bb7 40. Kg2 Na4 41. Nd1 1/2-1/2

[Event "59th World Juniors 2022"]
[Site "Cala Gonone ITA"]
[Date "2022.10.16"]
[Round "6.19"]
[White "Jakab, Bela"]
[Black "Moksh, Amit Doshi"]
[Result "1-0"]
[WhiteTitle "FM"]
[BlackTitle "IM"]
[WhiteElo "2353"]
[BlackElo "2430"]
[WhiteFideId "14933128"]
[BlackFideId "25064967"]
[EventDate "2022.10.12"]

1. e4 c5 2. Nf3 d6 3. Bb5+ Nd7 4. O-O Nf6 5. Re1 a6 6. Bxd7+ Bxd7 7. e5 dxe5 8.
Nxe5 Be6 9. Nc3 g6 10. Qf3 Rb8 11. d3 Bg7 12. Bf4 Nh5 13. Ne4 Qc8 14. Nc4 O-O
15. Bxb8 Qxb8 16. Nxc5 Nf4 17. Rxe6 1-0

[Event "59th World Juniors 2022"]
[Site "Cala Gonone ITA"]
[Date "2022.10.16"]
[Round "6.20"]
[White "Petriashvili, Nikoloz"]
[Black "Galaviz Medina, Sion Radamantys"]
[Result "1/2-1/2"]
[WhiteTitle "IM"]
[BlackTitle "IM"]
[WhiteElo "2428"]
[BlackElo "2345"]
[WhiteFideId "13611216"]
[BlackFideId "5123119"]
[EventDate "2022.10.12"]

1. c4 c5 2. g3 Nc6 3. Bg2 g6 4. Nc3 Bg7 5. Nf3 e6 6. O-O Nge7 7. a3 O-O 8. d3 b6
9. Bg5 h6 10. Bd2 Bb7 11. Rb1 d6 12. b4 Qd7 13. Qa4 Rfd8 14. Rfe1 Nf5 15. h4 Qe7
16. Nb5 a6 17. Nc3 Ncd4 18. Qd1 Nxf3+ 19. exf3 Qc7 20. Ne4 d5 21. cxd5 exd5 22.
Bf4 Qc8 23. bxc5 dxe4 24. fxe4 Nd4 25. Rxb6 Bc6 26. Qc1 Kh7 27. Qc4 Ne6 28. Bd6
Bd4 29. Rxc6 Qxc6 30. e5 Qb5 31. Qxb5 axb5 32. Bxa8 Rxa8 33. c6 Rc8 34. Rc1 Bb6
35. Kg2 Kg7 36. c7 Bxc7 37. Rc3 Bxd6 38. Rxc8 Bxa3 39. Kf3 Bc5 40. Rb8 h5 41.
Rb7 b4 42. g4 Nd4+ 43. Kf4 hxg4 44. Kxg4 b3 45. Kf4 Ne6+ 46. Kg3 Bd4 47. Rxb3
Nc5 48. Rb5 Bxe5+ 49. Kf3 Bd4 50. Rb4 Ne6 51. Rb5 Kh6 52. Rd5 Bb6 53. Rd7 Kg7
54. Rd5 Kh6 55. Rd7 1/2-1/2

[Event "59th World Juniors 2022"]
[Site "Cala Gonone ITA"]
[Date "2022.10.16"]
[Round "6.21"]
[White "Manish Anto, Cristiano F"]
[Black "Siddharth, Jagadeesh"]
[Result "1-0"]
[WhiteTitle "IM"]
[BlackTitle "IM"]
[WhiteElo "2332"]
[BlackElo "2415"]
[WhiteFideId "25095927"]
[BlackFideId "5818320"]
[EventDate "2022.10.12"]

1. e4 c6 2. d4 d5 3. e5 c5 4. dxc5 e6 5. a3 Bxc5 6. Qg4 Ne7 7. Bd3 Qb6 8. Nf3
Bxf2+ 9. Ke2 a5 10. Rf1 Bc5 11. Qxg7 Rg8 12. Qxh7 Bd7 13. Nc3 Nbc6 14. Na4 Qa7
15. Nxc5 Qxc5 16. b4 Rxg2+ 17. Kd1 Qb6 18. b5 Na7 19. Ne1 Rg8 20. Qxf7+ Kd8 21.
a4 Qd4 22. Ra2 Nac8 23. Nf3 Qb4 24. h4 Rg2 25. Qf4 Nb6 26. h5 Qb1 27. Ra3 Rc8
28. Ne1 Rg8 29. c3 1-0

[Event "59th World Juniors 2022"]
[Site "Cala Gonone ITA"]
[Date "2022.10.16"]
[Round "6.22"]
[White "Milikow, Yoav"]
[Black "Martins, Bruno Andre Leite"]
[Result "1-0"]
[WhiteTitle "IM"]
[BlackTitle "FM"]
[WhiteElo "2412"]
[BlackElo "2306"]
[WhiteFideId "2822237"]
[BlackFideId "1942255"]
[EventDate "2022.10.12"]

1. d4 Nf6 2. c4 g6 3. Nc3 Bg7 4. g3 O-O 5. Bg2 d6 6. Nf3 Nbd7 7. O-O e5 8. e4
exd4 9. Nxd4 Nc5 10. Re1 Re8 11. h3 Bd7 12. f4 a5 13. g4 h5 14. g5 Nh7 15. Be3
Nf8 16. Qd2 Qc8 17. Kh2 c6 18. Rad1 Qc7 19. Nde2 Re6 20. h4 f6 21. Bh3 fxg5 22.
Bxc5 dxc5 23. Qxd7 Nxd7 24. Bxe6+ Kh8 25. Rxd7 Qb6 26. hxg5 Bxc3 27. bxc3 Rd8
28. Kg2 Rxd7 29. Bxd7 Qd8 30. Rd1 Qg8 31. Kf3 Qxc4 32. f5 gxf5 33. Bxf5 a4 34.
Rd8+ Kg7 35. Rd7+ Kg8 36. Bh7+ Kh8 37. a3 b5 38. Kf2 Qe6 39. Bf5 Qe5 40. g6 b4
41. cxb4 cxb4 42. axb4 Kg8 43. Kf3 a3 44. Nd4 a2 45. Be6+ Kf8 46. Rf7+ Ke8 47.
Bd7+ Kd8 48. g7 1-0

[Event "59th World Juniors 2022"]
[Site "Cala Gonone ITA"]
[Date "2022.10.16"]
[Round "6.23"]
[White "Avila Rodriguez, Joshua Ad"]
[Black "Peyrer, Konstantin"]
[Result "0-1"]
[WhiteTitle "CM"]
[BlackTitle "FM"]
[WhiteElo "2225"]
[BlackElo "2402"]
[WhiteFideId "5126444"]
[BlackFideId "1640879"]
[EventDate "2022.10.12"]

1. e4 e5 2. Nf3 Nc6 3. Bb5 Nf6 4. O-O Nxe4 5. d4 Nd6 6. Bxc6 dxc6 7. dxe5 Nf5 8.
Qxd8+ Kxd8 9. h3 Bd7 10. Rd1 Kc8 11. Ng5 Bc5 12. Nc3 h6 13. Nce4 Be7 14. Nf3 Nh4
15. Nxh4 Bxh4 16. b3 Bf5 17. Re1 b6 18. g3 Be7 19. g4 Bd7 20. Bb2 h5 21. f3 hxg4
22. hxg4 Kb7 23. Kg2 Be6 24. c4 Rh7 25. Rh1 Rxh1 26. Rxh1 Rd8 27. Kg3 a5 28. Rh2
Rd1 29. Rd2 Re1 30. Bc3 Rb1 31. Rb2 Rg1+ 32. Kh2 Rd1 33. Kg2 a4 34. Rc2 Rd8 35.
Rd2 Ra8 36. Kg3 c5 37. f4 g6 38. Rd1 b5 39. cxb5 axb3 40. axb3 Ra3 41. Rb1 Bxb3
42. Ra1 Rxa1 43. Bxa1 Be6 44. Ng5 Bd5 45. Nh7 c4 46. Bc3 Kb6 47. f5 Kxb5 48. Nf6
Bxf6 49. exf6 gxf5 50. gxf5 Ka4 51. Kf2 Kb3 52. Be5 c3 53. Ke2 Kc2 54. Bxc7 Kb1
55. Kd3 c2 56. Bf4 c1=Q 57. Bxc1 Kxc1 0-1

[Event "59th World Juniors 2022"]
[Site "Cala Gonone ITA"]
[Date "2022.10.16"]
[Round "6.24"]
[White "Chukavin, Kirill"]
[Black "Zemach, Nadav"]
[Result "1/2-1/2"]
[WhiteTitle "FM"]
[BlackTitle "FM"]
[WhiteElo "2384"]
[BlackElo "2293"]
[WhiteFideId "4503023"]
[BlackFideId "2820927"]
[EventDate "2022.10.12"]

1. e4 e5 2. Nf3 Nc6 3. c3 d5 4. Qa4 f6 5. d3 Be6 6. Nbd2 g5 7. h3 Qd7 8. d4 exd4
9. Nxd4 Nxd4 10. Qxd4 dxe4 11. Qxd7+ Bxd7 12. Nxe4 Bc6 13. Ng3 O-O-O 14. Be3 Bd6
15. Nf5 Be5 16. f3 Re8 17. h4 Ne7 18. Nxe7+ Rxe7 19. Kf2 Rg8 20. Bc4 Rgg7 21.
hxg5 fxg5 22. Rh6 Bd7 23. Bc5 Re8 24. Rah1 Bf5 25. R6h5 Bf6 26. Rh6 Be5 27. R6h5
Bf6 28. Rh6 Be5 1/2-1/2

[Event "59th World Juniors 2022"]
[Site "Cala Gonone ITA"]
[Date "2022.10.16"]
[Round "6.25"]
[White "Gatineau, Yovann"]
[Black "Iniyan, P"]
[Result "0-1"]
[WhiteTitle "IM"]
[BlackTitle "GM"]
[WhiteElo "2375"]
[BlackElo "2541"]
[WhiteFideId "26028999"]
[BlackFideId "25002767"]
[EventDate "2022.10.12"]

1. e4 c5 2. Nf3 d6 3. d4 cxd4 4. Nxd4 Nf6 5. Nc3 a6 6. a3 b5 7. Nd5 Bb7 8. Nxf6+
gxf6 9. c4 e5 10. Nf5 Bxe4 11. Bd3 Bxd3 12. Qxd3 bxc4 13. Qd5 Ra7 14. Be3 Rd7
15. Rc1 Qc8 16. O-O Qc6 17. Qxc4 Qxc4 18. Rxc4 d5 19. Rc8+ Rd8 20. Rfc1 Nd7 21.
Bd2 Nc5 22. R1xc5 Bxc5 23. Rxc5 Kd7 24. g4 d4 25. Ba5 Rb8 26. Rd5+ Kc6 27. Ne7+
Kb7 28. b4 h5 29. gxh5 Ka8 30. Rd6 Rxh5 31. Rxa6+ Kb7 32. Rb6+ Ka8 33. Rxf6 d3
34. Kf1 e4 35. Ke1 Rxh2 36. Rxf7 e3 37. fxe3 Re2+ 38. Kd1 Rh8 39. Rf1 Rhh2 40.
Nd5 Ra2 41. Rf8+ Kb7 42. Rb8+ Kc6 43. b5+ Kxd5 44. e4+ Ke6 45. Rb6+ Kf7 46. Rb7+
Kg6 47. Rb6+ Kh5 48. Ke1 Ra1# 0-1

[Event "59th World Juniors 2022"]
[Site "Cala Gonone ITA"]
[Date "2022.10.16"]
[Round "6.26"]
[White "Budisavljevic, Luka"]
[Black "Di Benedetto, Edoardo"]
[Result "1-0"]
[WhiteTitle "GM"]
[BlackTitle "IM"]
[WhiteElo "2524"]
[BlackElo "2396"]
[WhiteFideId "960047"]
[BlackFideId "875740"]
[EventDate "2022.10.12"]

1. e4 e6 2. d4 d5 3. Nc3 Nf6 4. Bg5 Bb4 5. e5 h6 6. Bd2 Bxc3 7. bxc3 Ne4 8. Bc1
Nxc3 9. Qg4 g6 10. Ne2 Nxe2 11. Bxe2 b6 12. h4 Ba6 13. h5 g5 14. Bxa6 Nxa6 15.
f4 gxf4 16. O-O Qe7 17. Qe2 Nb8 18. Rxf4 Nc6 19. Be3 O-O-O 20. Raf1 Qa3 21. Rxf7
Rdg8 22. R7f6 Rg3 23. R1f3 Rxf3 24. Qxf3 Qc3 25. Qf2 Qa1+ 26. Kh2 Qd1 27. Qf3
Qe1 28. Rxe6 Nxd4 29. Bxd4 Qh4+ 30. Qh3 Qf4+ 31. Kh1 Qxd4 32. Re8+ Kb7 33. Qc8+
Kc6 34. Qe6+ Kb5 35. Rxh8 Qd1+ 36. Kh2 Qxh5+ 37. Kg3 Qg5+ 38. Kf3 Qh5+ 39. Kf2
Qh4+ 40. Kg1 Qd4+ 41. Kh2 Qh4+ 42. Qh3 Qg5 43. Re8 Qf4+ 44. Qg3 Qf7 45. Qg8 Qf4+
46. Kh3 Qe3+ 47. Qg3 Qc1 48. Qd3+ Kc5 49. Rf8 Qh1+ 50. Kg3 Qe1+ 51. Kf3 Qh4 52.
Rf5 h5 53. Rf4 Qh1 54. Qc3+ Kb5 55. a4+ Ka6 56. Qd3+ Kb7 57. Qxd5+ Ka6 58. Qd3+ 1-0

[Event "59th World Juniors 2022"]
[Site "Cala Gonone ITA"]
[Date "2022.10.16"]
[Round "6.27"]
[White "Carlo, Emanuele"]
[Black "Parkhov, Yair"]
[Result "0-1"]
[WhiteTitle "FM"]
[BlackTitle "IM"]
[WhiteElo "2306"]
[BlackElo "2484"]
[WhiteFideId "2825380"]
[BlackFideId "2813408"]
[EventDate "2022.10.12"]

1. e4 c5 2. Nf3 d6 3. d4 cxd4 4. Qxd4 Nc6 5. Qe3 Nf6 6. Be2 g6 7. O-O Bg7 8. h3
O-O 9. Rd1 Be6 10. Nc3 Rc8 11. Qf4 Qc7 12. Qh4 Ne5 13. Ng5 a6 14. Be3 b5 15. a3
Qb7 16. f4 Nc4 17. Bd4 h6 18. Nxe6 fxe6 19. e5 dxe5 20. fxe5 g5 21. Qg3 Ne4 22.
Nxe4 Qxe4 23. Qg4 Qf5 24. Rf1 Qxc2 25. Qxe6+ Kh8 26. Bg4 Qe4 27. Bc3 Ne3 28. Bf3
Qf4 29. Rf2 Qg3 30. Re2 Rxc3 31. bxc3 Rxf3 32. Qxa6 g4 33. Qg6 Qf4 34. gxf3 Qg3+
35. Kh1 Qxf3+ 36. Kg1 Qxe2 37. Qe4 g3 38. Qa8+ Kh7 39. Qe4+ Kg8 0-1

[Event "59th World Juniors 2022"]
[Site "Cala Gonone ITA"]
[Date "2022.10.16"]
[Round "6.28"]
[White "Ramoutar, Alan-Safar"]
[Black "Lumachi, Gabriele"]
[Result "1/2-1/2"]
[WhiteTitle "IM"]
[BlackTitle "FM"]
[WhiteElo "2449"]
[BlackElo "2387"]
[WhiteFideId "7704224"]
[BlackFideId "2817247"]
[EventDate "2022.10.12"]

1. e4 c5 2. Nf3 d6 3. d4 cxd4 4. Qxd4 Nc6 5. Bb5 Bd7 6. Qd3 Nf6 7. c4 g6 8. Nc3
Bg7 9. O-O O-O 10. h3 Nb4 11. Qe2 a6 12. Bxd7 Qxd7 13. Be3 Rac8 14. Rac1 Qe6 15.
a3 Nc6 16. Ng5 Qd7 17. Na4 Nd4 18. Bxd4 Qxa4 19. Qd3 Nd7 20. Bxg7 Kxg7 21. b4
Ne5 22. Qd4 Qxa3 23. f4 Qd3 24. Qa1 Kg8 25. Nxh7 Qe3+ 26. Kh2 Nd3 27. Nxf8 Nxc1
28. Nxg6 fxg6 29. Qxc1 Qxe4 30. f5 Rxc4 31. Qh6 Qe5+ 32. Kh1 Qf6 33. Qd2 b5 34.
Qd5+ Kg7 35. Qb7 gxf5 36. Re1 Re4 37. Rxe4 fxe4 38. Qxe4 e5 39. Qg4+ Kh6 40. Kg1
d5 41. Qg8 d4 42. g4 e4 43. h4 Qxh4 44. Qf8+ Kg6 45. Qg8+ Kh6 46. Qf8+ Kg6 47.
Qg8+ Kh6 1/2-1/2